00598nam a2200193Ia 4500008004100000020000700041082001200048100001900060245004900079250000700128260004600135300002400181500000700205600003300212650001400245942000700259952012300266999001500389240925s9999 xx 000 0 und d aNA a080 OHL aOhler , Norman 0aVoice and Vision Young writers from Pakistan aNA aKarachi:bOxford University Pressc,2008. a137p.bNAfOriginal aNA aHumanities & Natural Science aGeneralia cBK 011040708HUMaUITUbUITUd2008-06-10eCapital Booksg100.00l0o080 OHLpQ7483r2024-09-25 07:14:37w2024-09-25yBK c9982d9982